| 000 | 00573cam a2200145 4500500 | ||
|---|---|---|---|
| 005 | 20260208003817.0 | ||
| 041 | _afre | ||
| 042 | _adc | ||
| 100 | 1 | 0 |
_aPeluau, Béatrice _eauthor |
| 245 | 0 | 0 | _a Pratiques, langues et discours dans le travail social Écrits formatés, oral débridé Isabelle LÉGLISE (dir.) Paris, L’Harmattan, 2004 |
| 260 | _c2005. | ||
| 500 | _a14 | ||
| 786 | 0 | _nLangage et société | 113 | 3 | 2005-09-01 | p. 149c-159c | 0181-4095 | |
| 856 | 4 | 1 | _uhttps://shs.cairn.info/revue-langage-et-societe-2005-3-page-149c?lang=fr&redirect-ssocas=7080 |
| 999 |
_c1649016 _d1649016 |
||